[Event "Stuttgarter Stadtmeisterschaft A-Turnie"]
[Site "Ditzingen"]
[Date "2009.05.22"]
[Round "4.29"]
[White "Löwe, Joachim"]
[Black "Jovalekic, Oliver"]
[Result "1/2-1/2"]
[WhiteElo "1930"]
[BlackElo "2175"]
[PlyCount "39"]
[EventDate "2009.??.??"]

1. Nf3 Nf6 2. g3 b6 3. c4 c5 4. Bg2 Bb7 5. O-O g6 6. d3 Bg7 7. e4 O-O 8. Nc3
Nc6 9. Bf4 Nh5 10. Bg5 f6 11. Be3 f5 12. exf5 gxf5 13. Ne5 Bxe5 14. Qxh5 e6 15.
Bg5 Qe8 16. Qe2 Bg7 17. Nb5 Qg6 18. Bf4 e5 19. Bd5+ Kh8 20. Bxe5 1/2-1/2

[Event "Stuttgarter Stadtmeisterschaft A-Turnie"]
[Site "Ditzingen"]
[Date "2009.05.22"]
[Round "4.30"]
[White "Baumstark, Thomas"]
[Black "Schmid, Eugen"]
[Result "1/2-1/2"]
[WhiteElo "2163"]
[BlackElo "1944"]
[PlyCount "59"]
[EventDate "2009.??.??"]

1. Nf3 Nf6 2. c4 e6 3. g3 b6 4. Bg2 Bb7 5. O-O c5 6. Nc3 Be7 7. Re1 O-O 8. e4
d6 9. d4 cxd4 10. Nxd4 Qc8 11. Be3 Nbd7 12. f4 Re8 13. Rc1 a6 14. Bf2 Qc7 15.
Qe2 g6 16. h3 Nh5 17. Qd2 Ng7 18. b3 Rac8 19. g4 Qb8 20. Bg3 Qa8 21. Rf1 f5 22.
gxf5 exf5 23. Nd5 fxe4 24. Bxe4 Nf6 25. Nxe7+ Rxe7 26. Bxb7 Qxb7 27. Qg2 Qd7
28. Rce1 Ree8 29. Bh4 Rxe1 30. Rxe1 1/2-1/2

[Event "Stuttgarter Stadtmeisterschaft A-Turnie"]
[Site "Ditzingen"]
[Date "2009.05.22"]
[Round "4.31"]
[White "Schlachetzki, Horst"]
[Black "Meyner, Hannes"]
[Result "0-1"]
[WhiteElo "1927"]
[BlackElo "2122"]
[PlyCount "78"]
[EventDate "2009.??.??"]

1. e4 c6 2. d4 d5 3. Nc3 dxe4 4. Nxe4 Bf5 5. Ng3 Bg6 6. h4 h6 7. Nf3 Nd7 8. h5
Bh7 9. Bd3 Bxd3 10. Qxd3 e6 11. Bd2 Ngf6 12. O-O-O Be7 13. Kb1 O-O 14. Ne4 Nxe4
15. Qxe4 Nf6 16. Qe2 Qd5 17. Ne5 Qe4 18. Qxe4 Nxe4 19. Be3 Rfd8 20. g4 c5 21.
dxc5 Bxc5 22. Bxc5 Nxc5 23. f3 f6 24. Ng6 e5 25. Kc1 Ne6 26. c3 Ng5 27. f4 exf4
28. Nxf4 Rac8 29. Rxd8+ Rxd8 30. Re1 Kf7 31. Ng6 Ne6 32. Kc2 Rd6 33. Re4 Ra6
34. a4 Ra5 35. b3 f5 36. Ne5+ Kf6 37. Nd7+ Ke7 38. gxf5 Rxf5 39. Re5 Rf2+ 0-1

[Event "Stuttgarter Stadtmeisterschaft A-Turnie"]
[Site "Ditzingen"]
[Date "2009.05.22"]
[Round "4.32"]
[White "Leroy, Patrick"]
[Black "Bräunlin, Klaus"]
[Result "1/2-1/2"]
[WhiteElo "1900"]
[BlackElo "2109"]
[PlyCount "85"]
[EventDate "2009.??.??"]

1. e4 c6 2. d4 d5 3. Nc3 g6 4. h3 dxe4 5. Nxe4 Bg7 6. Nf3 Nd7 7. c3 Ngf6 8. Ng3
O-O 9. Bd3 Qc7 10. O-O e5 11. Re1 exd4 12. Nxd4 a6 13. Qf3 Ne5 14. Qd1 Nxd3 15.
Qxd3 c5 16. Nf3 Be6 17. Ng5 Bd5 18. Be3 Rad8 19. Qc2 b6 20. N5e4 Nxe4 21. Nxe4
h6 22. Rad1 f5 23. Rxd5 Rxd5 24. Qb3 Qf7 25. c4 Rd7 26. Nc3 f4 27. Bc1 b5 28.
Ne4 Bd4 29. Qa3 Kg7 30. Nxc5 Bxc5 31. Qxc5 Qxc4 32. Qb6 b4 33. b3 Qc3 34. Rf1
Rf6 35. Qb8 g5 36. Qe8 Rfd6 37. Qe2 Qd3 38. Qe5+ Kh7 39. Bb2 Qd5 40. Qh8+ Kg6
41. Qe8+ Qf7 42. Qe4+ Qf5 43. Qe8+ 1/2-1/2

[Event "Stuttgarter Stadtmeisterschaft A-Turnie"]
[Site "Ditzingen"]
[Date "2009.05.22"]
[Round "4.33"]
[White "Zimmermann, Ulrich"]
[Black "Jurasin, Marin"]
[Result "1/2-1/2"]
[WhiteElo "1891"]
[BlackElo "2105"]
[PlyCount "85"]
[EventDate "2009.??.??"]

1. e4 g6 2. d4 Bg7 3. Nc3 d6 4. Be3 Nd7 5. f4 c6 6. Nf3 Qa5 7. Bd2 Qb6 8. e5
Nh6 9. Bd3 O-O 10. Qe2 Qxb2 11. Rb1 Qa3 12. O-O dxe5 13. Rb3 Qa5 14. dxe5 e6
15. Ne4 Qc7 16. Nd6 Nc5 17. Rc3 Nxd3 18. Rxd3 b6 19. Ng5 Nf5 20. Nxf5 exf5 21.
e6 fxe6 22. Nxe6 Qe7 23. Re3 Bxe6 24. Rxe6 Qc5+ 25. Be3 Qd5 26. Bf2 c5 27. a4
Rad8 28. Re7 Rd7 29. Re1 Rxe7 30. Qxe7 Qf7 31. Qd6 Re8 32. Rxe8+ Qxe8 33. Qd5+
Kh8 34. h3 h6 35. a5 Kh7 36. Qb7 bxa5 37. Qxa7 a4 38. Bxc5 Qe1+ 39. Kh2 Qe4 40.
Bd6 Qd4 41. Qc7 Qc3 42. Qa7 Qd4 43. Qc7 1/2-1/2

[Event "Stuttgarter Stadtmeisterschaft A-Turnie"]
[Site "Ditzingen"]
[Date "2009.05.22"]
[Round "4.34"]
[White "Pflaum, Stefan"]
[Black "Reder, Erik"]
[Result "1-0"]
[WhiteElo "2096"]
[BlackElo "1901"]
[PlyCount "91"]
[EventDate "2009.??.??"]

1. c4 Nf6 2. Nc3 c5 3. g3 g6 4. Bg2 Bg7 5. Nf3 Nc6 6. O-O O-O 7. e3 d6 8. d4
Bg4 9. h3 Bxf3 10. Bxf3 Nd7 11. d5 Nce5 12. Be2 Nb6 13. Qb3 a6 14. f4 Ned7 15.
Bd2 e6 16. dxe6 fxe6 17. Bf3 Qc7 18. Rad1 Rad8 19. Be1 Nf6 20. Bf2 Rd7 21. Rd2
Rfd8 22. Rfd1 d5 23. cxd5 Nfxd5 24. Nxd5 exd5 25. a4 c4 26. Qb4 Bf8 27. Qa5 Qc6
28. e4 dxe4 29. Bxb6 Rxd2 30. Bxd8 Rxd1+ 31. Bxd1 Qd7 32. Bg4 Qd4+ 33. Kf1 Bc5
34. Ke1 Qf2+ 35. Kd1 Qf1+ 36. Qe1 Qd3+ 37. Qd2 e3 38. Qxd3 cxd3 39. Bf6 b5 40.
axb5 axb5 41. Be6+ Kf8 42. Bd5 g5 43. Be4 gxf4 44. gxf4 Kf7 45. Be5 e2+ 46. Ke1
1-0

[Event "Stuttgarter Stadtmeisterschaft A-Turnie"]
[Site "Ditzingen"]
[Date "2009.05.22"]
[Round "4.35"]
[White "Huhn, Stefan"]
[Black "White, Herbert"]
[Result "1-0"]
[WhiteElo "2090"]
[BlackElo "1923"]
[PlyCount "133"]
[EventDate "2009.??.??"]

1. d4 d5 2. Nf3 Nf6 3. e3 e6 4. Bd3 c5 5. c3 Nc6 6. O-O Be7 7. Nbd2 Qc7 8. Qe2
O-O 9. dxc5 Bxc5 10. e4 Bd6 11. Re1 Ng4 12. h3 Nge5 13. exd5 exd5 14. Nxe5 Nxe5
15. Nf3 Re8 16. Bf4 Nxf3+ 17. Qxf3 Rxe1+ 18. Rxe1 Be6 19. Bxd6 Qxd6 20. Rd1 Qe5
21. Bc2 g6 22. Bb3 Rd8 23. Qd3 Rd7 24. Qd4 Qg5 25. Kh2 b6 26. f4 Qh4 27. Qe3 h5
28. Rd4 Qf6 29. Ba4 Re7 30. Qd2 a6 31. Bb3 Rd7 32. Qe2 b5 33. a4 Rb7 34. axb5
axb5 35. Qd2 Rd7 36. Qd3 Rb7 37. g3 Bf5 38. Qd2 h4 39. g4 Be4 40. Bxd5 Bxd5 41.
Rxd5 Rb8 42. Qd4 Qe7 43. Qe5 Qb7 44. Qd6 Re8 45. Re5 Rxe5 46. fxe5 Qf3 47. Qd8+
Kg7 48. Qf6+ Qxf6 49. exf6+ Kxf6 50. Kg2 Ke6 51. Kf3 Ke5 52. Ke3 g5 53. b3 Kd5
54. Kf3 Ke5 55. c4 bxc4 56. bxc4 f5 57. gxf5 Kxf5 58. c5 Ke6 59. Kg4 Kd5 60.
Kxg5 Kxc5 61. Kxh4 Kd5 62. Kg5 Ke6 63. Kg6 Ke7 64. Kg7 Ke6 65. h4 Kf5 66. h5
Kg5 67. h6 1-0

[Event "Stuttgarter Stadtmeisterschaft A-Turnie"]
[Site "Ditzingen"]
[Date "2009.05.22"]
[Round "4.38"]
[White "Pogan, Nikolas"]
[Black "Schömbs, Oliver"]
[Result "0-1"]
[WhiteElo "2050"]
[BlackElo "1808"]
[PlyCount "48"]
[EventDate "2009.??.??"]

1. b3 e5 2. Bb2 Nc6 3. e3 d6 4. g3 Nf6 5. Bg2 Bd7 6. Ne2 Qe7 7. d3 O-O-O 8. c4
g6 9. Nbc3 Bg7 10. Qd2 Nb8 11. b4 Bc6 12. Nd5 Bxd5 13. cxd5 Ne8 14. a4 f5 15.
b5 Nf6 16. O-O h5 17. a5 h4 18. b6 hxg3 19. bxa7 Rxh2 20. fxg3 Ng4 21. a6 Qg5
22. axb7+ Kd7 23. Bc1 Qh5 24. Ra4 Rh1+ 0-1

[Event "Stuttgarter Stadtmeisterschaft A-Turnie"]
[Site "Ditzingen"]
[Date "2009.05.22"]
[Round "4.39"]
[White "Günthner, Arthur"]
[Black "Probst, Alexander"]
[Result "1/2-1/2"]
[WhiteElo "1771"]
[BlackElo "2048"]
[PlyCount "53"]
[EventDate "2009.??.??"]

1. d4 Nf6 2. c4 e6 3. Nc3 Bb4 4. Qc2 b6 5. Nf3 Bb7 6. g3 O-O 7. Bg2 d6 8. O-O
Nbd7 9. Bg5 h6 10. Bd2 a6 11. a3 Bxc3 12. Bxc3 Be4 13. Qd1 Qe7 14. Nd2 Bxg2 15.
Kxg2 c5 16. e3 Rfc8 17. b3 b5 18. cxb5 axb5 19. Qe2 Nd5 20. Bb2 b4 21. dxc5
Nxc5 22. axb4 Nxb4 23. Rxa8 Qb7+ 24. Kg1 Rxa8 25. Qg4 f5 26. Qd4 Rd8 27. Nc4
1/2-1/2

[Event "Stuttgarter Stadtmeisterschaft A-Turnie"]
[Site "Ditzingen"]
[Date "2009.05.22"]
[Round "4.40"]
[White "Wenninger, Philipp"]
[Black "Wenner, Tobias"]
[Result "1-0"]
[WhiteElo "1984"]
[BlackElo "2202"]
[PlyCount "87"]
[EventDate "2009.??.??"]

1. d4 f5 2. c4 Nf6 3. g3 g6 4. Bg2 Bg7 5. Nc3 d6 6. Nf3 O-O 7. Bf4 Nh5 8. Qd2
Nxf4 9. Qxf4 Nc6 10. Qd2 e5 11. dxe5 dxe5 12. O-O e4 13. Qxd8 Rxd8 14. Ng5 h6
15. Nh3 Bxc3 16. bxc3 g5 17. Rab1 Na5 18. c5 Bd7 19. Kh1 Ba4 20. Rb4 Bd1 21.
Ng1 Rd2 22. g4 Bxe2 23. Nxe2 Rxe2 24. gxf5 Re8 25. Ra4 Nc6 26. Kg1 Re5 27. f4
Rxf5 28. Rxe4 Rxa2 29. Bh3 Rf6 30. Be6+ Rxe6 31. Rxe6 Rc2 32. f5 Rxc3 33. Rg6+
Kf7 34. f6 Ne5 35. Rg7+ Kf8 36. Rd1 Rd3 37. Rxd3 Nxd3 38. Rxc7 a5 39. Kf1 a4
40. Ke2 Nc1+ 41. Kd2 Nb3+ 42. Kc3 h5 43. Kb4 Nd4 44. Rxb7 1-0

[Event "Stuttgarter Stadtmeisterschaft A-Turnie"]
[Site "Ditzingen"]
[Date "2009.05.22"]
[Round "4.41"]
[White "Höschele, Hans-Ulrich"]
[Black "Braun, Georg"]
[Result "1/2-1/2"]
[WhiteElo "2174"]
[BlackElo "1990"]
[PlyCount "134"]
[EventDate "2009.??.??"]

1. Nf3 c5 2. b3 Nc6 3. Bb2 d6 4. e3 Nf6 5. d3 e5 6. Nbd2 Be7 7. h3 Be6 8. g4
Nd7 9. Bg2 Rc8 10. Nf1 b5 11. Ng3 g6 12. e4 Qb6 13. O-O O-O 14. Bc1 Bf6 15. Bh6
Bg7 16. Bxg7 Kxg7 17. Ng5 h6 18. Nxe6+ fxe6 19. c3 b4 20. Qd2 bxc3 21. Qxc3 Nd4
22. Rae1 a5 23. Ne2 Nxe2+ 24. Rxe2 Qb4 25. Qc4 Qxc4 26. dxc4 Rc6 27. Rd1 Kf7
28. f4 Ke7 29. f5 Ra6 30. Rf2 exf5 31. exf5 gxf5 32. gxf5 a4 33. Rd3 axb3 34.
Rxb3 Nf6 35. Rb7+ Nd7 36. f6+ Kd8 37. f7 Rb6 38. Ra7 Ke7 39. Bd5 h5 40. Rg2
Rb1+ 41. Kh2 Rf1 42. Rg7 Rf2+ 43. Kg3 Rf1 44. Kg2 Rf4 45. Bc6 Kf6 46. Rg8 Rxf7
47. Rxd7 Rxd7 48. Bxd7 Rxc4 49. a4 e4 50. Re8 d5 51. Re6+ Kf5 52. Rh6+ Kf4 53.
Rxh5 Rc2+ 54. Kg1 d4 55. Rf5+ Ke3 56. Bc6 d3 57. Re5 Rc4 58. Bxe4 Kd4 59. Re8
d2 60. Bf3 Rc3 61. Bg4 Rc1+ 62. Kf2 c4 63. Rd8+ Kc3 64. a5 Ra1 65. Ke3 Re1+ 66.
Be2 Rh1 67. Bg4 Re1+ 1/2-1/2

[Event "Stuttgarter Stadtmeisterschaft A-Turnie"]
[Site "Ditzingen"]
[Date "2009.05.22"]
[Round "4.42"]
[White "Daubenfeld, Gilles"]
[Black "Stein, Carsten"]
[Result "1-0"]
[WhiteElo "2151"]
[BlackElo "1972"]
[PlyCount "83"]
[EventDate "2009.??.??"]

1. e4 d5 2. exd5 Qxd5 3. Nc3 Qd6 4. d4 Nf6 5. Nf3 Bg4 6. Be2 e6 7. h3 Bh5 8. g4
Bg6 9. Ne5 Qd8 10. Bf3 c6 11. h4 Bb4 12. a3 Bxc3+ 13. bxc3 O-O 14. h5 Be4 15.
g5 Bxf3 16. Qxf3 Nd5 17. g6 fxg6 18. hxg6 h6 19. Nf7 Qf6 20. Qg3 Ne7 21. Ne5
Nf5 22. Qg4 a5 23. Rh5 b5 24. Bd2 c5 25. O-O-O cxd4 26. cxd4 Qe7 27. Rh3 Nd7
28. Rb3 Nxe5 29. dxe5 Rfc8 30. Kb1 Rc4 31. Qf3 Rac8 32. Rxb5 Rxc2 33. Bxa5 Qe8
34. Rb2 Rxb2+ 35. Kxb2 Qb5+ 36. Qb3 Qxe5+ 37. Bc3 Qc7 38. Qxe6+ Kh8 39. Rd3 Nd4
40. Qe3 Qb7+ 41. Kc1 Nb5 42. Qxh6+ 1-0

[Event "Stuttgarter Stadtmeisterschaft A-Turnie"]
[Site "Ditzingen"]
[Date "2009.05.22"]
[Round "4.43"]
[White "Fingerhut, Armin"]
[Black "Gabriel, Josef"]
[Result "1-0"]
[WhiteElo "1961"]
[BlackElo "2121"]
[PlyCount "61"]
[EventDate "2009.??.??"]

1. e4 e5 2. Bc4 c6 3. Nc3 b5 4. Bb3 Nf6 5. Nf3 Bd6 6. d4 Qc7 7. dxe5 Bxe5 8.
Nxe5 Qxe5 9. f4 Qe7 10. e5 d5 11. O-O Qc5+ 12. Kh1 Ng4 13. Qf3 a5 14. a4 b4 15.
Nd1 h5 16. Be3 Qe7 17. Nf2 Na6 18. Nd3 Bb7 19. f5 d4 20. Bxd4 Nxh2 21. Kxh2
Qh4+ 22. Kg1 Qxd4+ 23. Qf2 Rd8 24. f6 g6 25. e6 fxe6 26. Rae1 O-O 27. Rxe6 Kh8
28. Qxd4 Rxd4 29. Re7 Bc8 30. Ne5 Bf5 31. Rxf5 1-0

[Event "Stuttgarter Stadtmeisterschaft A-Turnie"]
[Site "Ditzingen"]
[Date "2009.05.22"]
[Round "4.44"]
[White "Fink, Leander"]
[Black "Frühsorger, Dieter"]
[Result "1/2-1/2"]
[WhiteElo "2116"]
[BlackElo "1968"]
[PlyCount "50"]
[EventDate "2009.??.??"]

1. e4 c5 2. c3 Nf6 3. e5 Nd5 4. d4 cxd4 5. Nf3 e6 6. cxd4 d6 7. a3 dxe5 8. dxe5
Be7 9. Bd3 O-O 10. O-O b6 11. Qe2 Bb7 12. Rd1 Qc7 13. Bd2 Nd7 14. Nc3 Rac8 15.
Rac1 Qb8 16. b4 Rfd8 17. Re1 Nxc3 18. Bxc3 Bxf3 19. Qxf3 Nxe5 20. Bxe5 Rxc1 21.
Bxh7+ Kf8 22. Bxg7+ Kxg7 23. Rxc1 Rh8 24. Qg4+ Kf8 25. Rc3 Rxh7 1/2-1/2

[Event "Stuttgarter Stadtmeisterschaft A-Turnie"]
[Site "Ditzingen"]
[Date "2009.05.22"]
[Round "4.45"]
[White "König, Dirk"]
[Black "Kaplunov, Vadym"]
[Result "0-1"]
[WhiteElo "2108"]
[BlackElo "1953"]
[PlyCount "57"]
[EventDate "2009.??.??"]

1. e4 c5 2. f4 d6 3. Nf3 Nc6 4. Bc4 e6 5. O-O g6 6. Nc3 Bg7 7. d3 Nge7 8. Qe1
a6 9. a4 O-O 10. Kh1 Nb4 11. Bb3 Nec6 12. Be3 b6 13. Nd1 Na5 14. Qd2 Nxb3 15.
cxb3 f5 16. Nf2 Bb7 17. a5 bxa5 18. Ng5 Re8 19. e5 dxe5 20. fxe5 Bxe5 21. Nf3
Bxf3 22. gxf3 Qd5 23. Kg2 Nc6 24. Rfc1 Bd4 25. Nd1 e5 26. Kf2 f4 27. Bxd4 Nxd4
28. Nc3 Qxf3+ 29. Kg1 0-1

[Event "Stuttgarter Stadtmeisterschaft A-Turnie"]
[Site "Ditzingen"]
[Date "2009.05.22"]
[Round "4.46"]
[White "Turski, Tomasz"]
[Black "Jehle, Anja"]
[Result "1/2-1/2"]
[WhiteElo "2077"]
[BlackElo "1950"]
[PlyCount "94"]
[EventDate "2009.??.??"]

1. d4 Nf6 2. c4 g6 3. Nc3 Bg7 4. e4 d6 5. Bd3 O-O 6. Nge2 e5 7. f3 Nc6 8. Be3
Rb8 9. Qd2 a6 10. d5 Ne7 11. Bh6 Ne8 12. Bxg7 Nxg7 13. g4 Bd7 14. Ng3 b5 15. h4
f6 16. O-O-O Qc8 17. Qh6 Kh8 18. Rdg1 Qb7 19. Rh2 Qb6 20. Rhg2 g5 21. hxg5 Qe3+
22. Kc2 Qxg5 23. Qh2 Kg8 24. Nf5 Kf7 25. Qxh7 Rh8 26. Qxg7+ Qxg7 27. Nxg7 Kxg7
28. cxb5 axb5 29. b4 Rh3 30. Rg3 Rxg3 31. Rxg3 Ng6 32. g5 fxg5 33. Rxg5 Kf6 34.
Rg1 Nf4 35. Ne2 Nxe2 36. Bxe2 Rh8 37. Kc3 Rh2 38. Kd3 Rh8 39. Rc1 Rc8 40. Ke3
c6 41. dxc6 Rxc6 42. Rxc6 Bxc6 43. f4 exf4+ 44. Kxf4 Bd7 45. Bd1 Bc6 46. Bb3
Bd7 47. Bd5 Be8 1/2-1/2

[Event "Stuttgarter Stadtmeisterschaft A-Turnie"]
[Site "Ditzingen"]
[Date "2009.05.22"]
[Round "4.47"]
[White "Büter, Norbert"]
[Black "Stitterich, Nadine"]
[Result "1-0"]
[WhiteElo "2074"]
[BlackElo "1918"]
[PlyCount "79"]
[EventDate "2009.??.??"]

1. d4 Nf6 2. c4 g6 3. Nc3 Bg7 4. e4 d6 5. Bd3 O-O 6. Nge2 e5 7. f3 Nc6 8. Be3
Nd7 9. d5 Nb4 10. Bb1 a5 11. a3 Na6 12. Bc2 Nac5 13. b4 axb4 14. axb4 Rxa1 15.
Qxa1 Na6 16. Qa3 f5 17. O-O f4 18. Bf2 Qg5 19. Kh1 Qe7 20. Bd3 h5 21. Na4 g5
22. c5 g4 23. c6 Nf6 24. Nac3 gxf3 25. gxf3 Nb8 26. b5 Qf7 27. Rg1 h4 28. Nc1
Qh5 29. Be2 bxc6 30. Qa7 Nbd7 31. dxc6 Nc5 32. Qxc7 Ne6 33. Qe7 Kh8 34. Nd5 Ng5
35. Nxf6 Rxf6 36. Qd8+ Kh7 37. Qxc8 Ne6 38. h3 Ng5 39. Qg4 Qxg4 40. Rxg4 1-0

[Event "Stuttgarter Stadtmeisterschaft A-Turnie"]
[Site "Ditzingen"]
[Date "2009.05.22"]
[Round "4.48"]
[White "Körber, Thomas"]
[Black "Boyens, Birger"]
[Result "1/2-1/2"]
[WhiteElo "2070"]
[BlackElo "1908"]
[PlyCount "63"]
[EventDate "2009.??.??"]

1. d4 Nf6 2. Nf3 e6 3. e3 b6 4. Bd3 Bb7 5. O-O Ne4 6. Nbd2 f5 7. c4 d6 8. Qc2
Nxd2 9. Nxd2 Nc6 10. a3 Qf6 11. b4 Qg6 12. f3 Be7 13. b5 Nd8 14. e4 O-O 15.
exf5 exf5 16. Bb2 Qh6 17. Rae1 Bg5 18. Re2 Be3+ 19. Kh1 Bf4 20. h3 Qh4 21. Rfe1
Bg3 22. Rd1 g6 23. d5 Nf7 24. Nf1 Be5 25. Rf2 Rae8 26. Bxe5 Rxe5 27. f4 Re7 28.
Qd2 Rfe8 29. Nh2 Re3 30. Rf3 R3e7 31. Rff1 Re3 32. Rf3 1/2-1/2

[Event "Stuttgarter Stadtmeisterschaft A-Turnie"]
[Site "Ditzingen"]
[Date "2009.05.22"]
[Round "4.49"]
[White "Nusser, Jens"]
[Black "Steinbach, Peter"]
[Result "0-1"]
[WhiteElo "1875"]
[BlackElo "2060"]
[PlyCount "111"]
[EventDate "2009.??.??"]

1. d4 Nf6 2. c4 g6 3. Nc3 Bg7 4. e4 d6 5. f4 O-O 6. Nf3 Na6 7. Be2 e5 8. dxe5
dxe5 9. Qxd8 Rxd8 10. Nxe5 Nc5 11. Nd5 c6 12. Nxf6+ Bxf6 13. O-O Nxe4 14. Be3
Be6 15. Rad1 Nd6 16. b3 Nf5 17. Bf2 h5 18. Bf3 a5 19. a4 Be7 20. Bb6 Rxd1 21.
Rxd1 Kf8 22. Nd7+ Kg7 23. Nc5 Bc8 24. Ne4 Nh4 25. Be2 Bf5 26. Bd3 Re8 27. g3
Bb4 28. Bd4+ Kf8 29. Bc5+ Kg7 30. Bxb4 Nf3+ 31. Kg2 axb4 32. Nf2 Ne1+ 33. Kf1
Nxd3 34. Nxd3 Rd8 35. Nf2 Rxd1+ 36. Nxd1 Bc2 37. Ne3 Bxb3 38. a5 Kf6 39. Ke2
Ke6 40. Kd3 Kd6 41. f5 Ke5 42. fxg6 fxg6 43. Ng2 Ba2 44. c5 Bb1+ 45. Kc4 g5 46.
h4 Be4 47. Ne3 gxh4 48. gxh4 Kf4 49. Kd4 b3 50. Nd1 Bf3 51. Nb2 Kg4 52. Kc3 Be2
53. Na4 Kxh4 54. Nb6 Kg3 55. Nc8 h4 56. Nd6 0-1

[Event "Stuttgarter Stadtmeisterschaft A-Turnie"]
[Site "Ditzingen"]
[Date "2009.05.22"]
[Round "4.50"]
[White "Bissbort, Julian"]
[Black "Feller, Florian"]
[Result "0-1"]
[WhiteElo "2053"]
[BlackElo "1836"]
[PlyCount "114"]
[EventDate "2009.??.??"]

1. e4 c5 2. c3 d5 3. exd5 Qxd5 4. d4 Nf6 5. Nf3 Bg4 6. Be2 Nc6 7. Be3 cxd4 8.
cxd4 e6 9. O-O a6 10. Nc3 Qd8 11. Qb3 Rb8 12. h3 Bh5 13. a3 Bd6 14. Rfd1 O-O
15. d5 Na5 16. Qa2 exd5 17. Nxd5 b5 18. g4 Bg6 19. Nxf6+ gxf6 20. b4 Nb7 21.
Nd4 Rc8 22. Bf3 Qe7 23. Qd5 Nd8 24. Nf5 Bxf5 25. Qxf5 Rc4 26. Bd5 Qe5 27. Bxc4
Qh2+ 28. Kf1 bxc4 29. Qf3 c3 30. Rac1 Be5 31. Bd4 Ne6 32. Bxe5 fxe5 33. Rxc3
Nf4 34. Qg3 Qh1+ 35. Qg1 Qxg1+ 36. Kxg1 Ne2+ 37. Kg2 Nxc3 38. Rd6 Ra8 39. Rc6
Nb1 40. a4 Rb8 41. Rxa6 Rxb4 42. a5 Ra4 43. Kg3 Kg7 44. Rb6 Nc3 45. a6 e4 46.
Rc6 Nd5 47. Rc5 Ne7 48. Rc7 Nd5 49. Rc5 Ra3+ 50. Kh4 Nf4 51. g5 Nd3 52. Rf5
Rxa6 53. Kg4 Ra2 54. h4 Nxf2+ 55. Kh5 e3 56. Re5 e2 57. Re3 Nd3 0-1

[Event "Stuttgarter Stadtmeisterschaft A-Turnie"]
[Site "Ditzingen"]
[Date "2009.05.22"]
[Round "4.51"]
[White "Töws, Manuel"]
[Black "Keller, Harald"]
[Result "0-1"]
[WhiteElo "1863"]
[BlackElo "2053"]
[PlyCount "76"]
[EventDate "2009.??.??"]

1. e4 Nf6 2. e5 Nd5 3. d4 d6 4. c4 Nb6 5. exd6 cxd6 6. Bd3 g6 7. Ne2 Bg7 8. Be3
O-O 9. O-O Nc6 10. Nbc3 Nd7 11. Qd2 Nf6 12. b3 d5 13. c5 e5 14. a3 e4 15. Bc2
Nh5 16. b4 f5 17. Bg5 Bf6 18. Bxf6 Nxf6 19. Bb3 Be6 20. Qa2 g5 21. g3 f4 22.
gxf4 Kh8 23. fxg5 Rg8 24. Kh1 Rxg5 25. Rg1 Bg4 26. Rg3 Bf3+ 27. Kg1 Nh5 28. Qd2
Nxg3 29. fxg3 Qg8 30. Rf1 Rf8 31. Qe1 h5 32. Qd2 h4 33. Bxd5 Qg7 34. Qe1 hxg3
35. hxg3 Rh5 36. Kf2 Bxe2+ 37. Kxe2 Rh2+ 38. Kd1 Qxd4+ 0-1

[Event "Stuttgarter Stadtmeisterschaft A-Turnie"]
[Site "Ditzingen"]
[Date "2009.05.22"]
[Round "4.52"]
[White "Zeh, Rolf"]
[Black "Pietzka, Martin"]
[Result "0-1"]
[WhiteElo "2048"]
[BlackElo "1846"]
[PlyCount "88"]
[EventDate "2009.??.??"]

1. d4 Nf6 2. Nf3 e6 3. Bf4 c5 4. c3 Nc6 5. e3 Be7 6. Bd3 d5 7. Nbd2 O-O 8. h4
h5 9. Ng5 g6 10. Qc2 Kg7 11. Ndf3 c4 12. Be2 Bd6 13. Ne5 Bxe5 14. dxe5 Nd7 15.
g4 hxg4 16. h5 Ndxe5 17. hxg6 Rh8 18. O-O-O fxg6 19. Qd2 Bd7 20. e4 Qf6 21.
Rdg1 b5 22. Rxh8 Rxh8 23. Kc2 a5 24. Bxg4 Nxg4 25. Rxg4 e5 26. Bxe5 Qxe5 27. f4
Qf5 28. exf5 Bxf5+ 29. Ne4 Bxe4+ 30. Kd1 Rh1+ 31. Ke2 Rh2+ 32. Ke3 Rxd2 33.
Kxd2 Kf6 34. Ke3 b4 35. Rh4 Kf5 36. Rh8 Ke6 37. Rh7 Bf5 38. Rb7 Kd6 39. Rh7 d4+
40. cxd4 c3 41. bxc3 bxc3 42. a3 c2 43. Rh1 Kd5 44. Kd2 Nxd4 0-1

[Event "Stuttgarter Stadtmeisterschaft A-Turnie"]
[Site "Ditzingen"]
[Date "2009.05.22"]
[Round "4.53"]
[White "Schuster, Gerhard"]
[Black "Viehoff, Jürgen"]
[Result "1-0"]
[WhiteElo "2038"]
[BlackElo "1835"]
[PlyCount "73"]
[EventDate "2009.??.??"]

1. e4 c6 2. d4 d5 3. Nd2 dxe4 4. Nxe4 Nd7 5. Ng5 Ngf6 6. Bd3 e6 7. Qe2 h6 8.
Nxe6 fxe6 9. Bg6+ Ke7 10. Nf3 Qc7 11. O-O Kd8 12. Qxe6 Bd6 13. Qe2 Nf8 14. Bd3
Ne6 15. c3 Nf4 16. Bxf4 Bxf4 17. Ne5 Re8 18. Rfe1 Ng4 19. Bg6 Rxe5 20. dxe5
Bxh2+ 21. Kf1 Qe7 22. e6 Kc7 23. Qxg4 b6 24. g3 Ba6+ 25. Kg2 Rf8 26. Rad1 Bc8
27. Rd2 Rf6 28. Kxh2 h5 29. Qe4 Rxe6 30. Qf4+ Kb7 31. Rxe6 Bxe6 32. Qd6 Qg5 33.
Be4 Bd5 34. Bxd5 cxd5 35. Rxd5 Qc1 36. Qd7+ Kb8 37. Rf5 1-0

[Event "Stuttgarter Stadtmeisterschaft A-Turnie"]
[Site "Ditzingen"]
[Date "2009.05.22"]
[Round "4.54"]
[White "Gheng, Simona"]
[Black "Schembera, Jörg"]
[Result "1-0"]
[WhiteElo "2035"]
[BlackElo "1828"]
[PlyCount "39"]
[EventDate "2009.??.??"]

1. e4 c5 2. Nf3 d6 3. d4 cxd4 4. Nxd4 Nf6 5. Nc3 g6 6. f4 Bg4 7. Be2 Bxe2 8.
Qxe2 Bg7 9. Qb5+ Qd7 10. e5 a6 11. Qc4 dxe5 12. fxe5 Ng4 13. e6 Qxd4 14. Qc8+
Qd8 15. exf7+ Kxf7 16. Qxg4 Bxc3+ 17. bxc3 Qb6 18. Rf1+ Kg7 19. Rf3 Rf8 20.
Bh6+ 1-0

[Event "Stuttgarter Stadtmeisterschaft A-Turnie"]
[Site "Ditzingen"]
[Date "2009.05.22"]
[Round "4.55"]
[White "Cummings, Nicolai"]
[Black "Siegle, Florian"]
[Result "1-0"]
[WhiteElo "1819"]
[BlackElo "2013"]
[PlyCount "75"]
[EventDate "2009.??.??"]

1. d4 Nf6 2. c4 e5 3. dxe5 Ng4 4. Nf3 Bc5 5. e3 Nc6 6. Be2 Ncxe5 7. Nxe5 Nxe5
8. O-O d6 9. Nd2 Qh4 10. Qc2 Bg4 11. Qe4 O-O-O 12. Bxg4+ Qxg4 13. Qxg4+ Nxg4
14. a3 a5 15. b3 d5 16. h3 Ne5 17. Bb2 f6 18. Rfd1 d4 19. Ne4 dxe3 20. Nxc5
exf2+ 21. Kxf2 b6 22. Bxe5 fxe5 23. Rxd8+ Rxd8 24. Ne4 Rd3 25. Rb1 a4 26. Ke2
Rd4 27. Nd2 axb3 28. Rxb3 Kb7 29. Re3 e4 30. Rxe4 Rxe4+ 31. Nxe4 Ka6 32. Nc3 c6
33. Kd3 Kb7 34. Ke4 Kc7 35. Ke5 Kd7 36. Na4 b5 37. cxb5 cxb5 38. Nc3 1-0

[Event "Stuttgarter Stadtmeisterschaft A-Turnie"]
[Site "Ditzingen"]
[Date "2009.05.22"]
[Round "4.56"]
[White "Stegmaier, Michael"]
[Black "Schäfer, Alexander"]
[Result "0-1"]
[WhiteElo "1802"]
[BlackElo "2007"]
[PlyCount "88"]
[EventDate "2009.??.??"]

1. Nf3 Nf6 2. c4 g6 3. Nc3 Bg7 4. d4 c5 5. e3 O-O 6. g3 cxd4 7. exd4 d5 8. cxd5
Nxd5 9. Bg2 Nc6 10. O-O Nb6 11. Be3 Bg4 12. Qd3 Bf5 13. Qe2 Nb4 14. Rfd1 Rc8
15. a3 N4d5 16. Rac1 Nxc3 17. bxc3 Nc4 18. Ne5 Nxe5 19. dxe5 Qa5 20. Bd4 b6 21.
f4 Rfd8 22. g4 Be6 23. Be4 Qxa3 24. Ra1 Qb3 25. Rdb1 Qc4 26. Qxc4 Rxc4 27. Rxa7
Bxg4 28. Rxe7 Bf8 29. Rb7 Bc5 30. R7xb6 Rdxd4 31. cxd4 Bxd4+ 32. Kg2 Bxb6 33.
Bxg6 hxg6 34. Rxb6 Rxf4 35. Kg3 Re4 36. Rb5 Be6 37. Kf3 Rc4 38. Rb8+ Kg7 39.
Kg3 Kh6 40. Rh8+ Kg5 41. h4+ Kf5 42. h5 Rc3+ 43. Kf2 Rh3 44. Rh7 Rxh5 0-1

[Event "Stuttgarter Stadtmeisterschaft A-Turnie"]
[Site "Ditzingen"]
[Date "2009.05.22"]
[Round "4.58"]
[White "Schmitz, Stefan"]
[Black "Hirschfeld, Dennis"]
[Result "1/2-1/2"]
[WhiteElo "1891"]
[BlackElo "1984"]
[PlyCount "47"]
[EventDate "2009.??.??"]

1. e4 c6 2. d4 d5 3. exd5 cxd5 4. Bd3 Nc6 5. Ne2 Nf6 6. O-O Bg4 7. f3 Bh5 8.
Kh1 Bg6 9. b3 e6 10. Bb2 Bd6 11. c4 Nb4 12. Bxg6 hxg6 13. g3 Nh5 14. f4 g5 15.
a3 gxf4 16. gxf4 Qh4 17. Qd2 g5 18. axb4 gxf4 19. Kg2 Rg8+ 20. Kf3 Qg4+ 21. Kf2
Qh4+ 22. Kf3 Qh3+ 23. Kf2 Qh4+ 24. Kf3 1/2-1/2